Central Library OPAC University of Rajshahi

Sample size choice : (Record no. 8302)

MARC details
000 -LEADER
fixed length control field 01110cam a2200313 i 4500
001 - CONTROL NUMBER
control field 8302
003 - CONTROL NUMBER IDENTIFIER
rucl marc code BD-RjUL
005 - DATE AND TIME OF LATEST TRANSACTION
control field 20211208234548.0
008 - FIXED-LENGTH DATA ELEMENTS--GENERAL INFORMATION
fixed length control field 180114s1975 nyu b 001 0 eng
020 ## - INTERNATIONAL STANDARD BOOK NUMBER
International Standard Book Number 0824761677
035 ## - SYSTEM CONTROL NUMBER
System control number (BD-RjUL)8347
040 ## - CATALOGING SOURCE
Original cataloging agency DLC
Transcribing agency DLC
Modifying agency DLC
-- BD-RjUL
Language of cataloging eng
041 ## - LANGUAGE CODE
Language code of text/sound track or separate title eng
082 00 - DEWEY DECIMAL CLASSIFICATION NUMBER
Classification number 519.5
Edition number 19
Author mark and year ODS 1975
100 1# - MAIN ENTRY--PERSONAL NAME
Personal name Odeh, Robert E.
9 (RLIN) 25884
245 10 - TITLE STATEMENT
Title Sample size choice :
Remainder of title charts for experiments with linear models /
Statement of responsibility, etc. Robert E. Odeh and Martin Fox.
260 ## - PUBLICATION, DISTRIBUTION, ETC. (IMPRINT)
Place of publication, distribution, etc. New York :
Name of publisher, distributor, etc. Marcel Dekker,
Date of publication, distribution, etc. c1975.
300 ## - PHYSICAL DESCRIPTION
Pagination viii, 190 p. :
Illustrations ill. ;
Size 27 cm.
490 0# - SERIES STATEMENT
Series statement Statistics : textbooks and monographs ; v. 14
500 ## - GENERAL NOTE
General note Includes index.
504 ## - BIBLIOGRAPHY, ETC. NOTE
Bibliography, etc Bibliography: p. 59-62.
650 #0 - SUBJECT ADDED ENTRY--TOPICAL TERM
Topical term or geographic name as entry element Experimental design
General subdivision Charts, diagrams, etc.
9 (RLIN) 25885
Topical term or geographic name as entry element Statistical hypothesis testing
General subdivision Charts, diagrams, etc.
9 (RLIN) 25886
Topical term or geographic name as entry element Sampling (Statistics)
General subdivision Charts, diagrams, etc.
9 (RLIN) 25887
Topical term or geographic name as entry element Linear models (Statistics)
General subdivision Charts, diagrams, etc.
9 (RLIN) 25888
700 1# - ADDED ENTRY--PERSONAL NAME
Personal name Fox, Martin,
Dates associated with a name 1929-
Relator term joint author.
942 ## - ADDED ENTRY ELEMENTS (KOHA)
Source of classification or shelving scheme Dewey Decimal Classification
Koha item type Books
Holdings
Lost status Source of classification or shelving scheme Damaged status Not for loan Permanent Location Current Location Shelving location Date acquired Source of acquisition Cost, normal purchase price Total Checkouts Full call number Date last seen Copy number Koha item type Collection code
  Dewey Decimal Classification   Not For Loan Central Library, University of Rajshahi Central Library, University of Rajshahi   27/07/1979 Heffer 17.40   519.5 ODS 1975 18/01/2014 C-1 Books  
  Dewey Decimal Classification     Central Library, University of Rajshahi Central Library, University of Rajshahi   27/07/1979 Heffer 17.40   519.5 ODS 1975 31/08/2016 C-2 Books Non-fiction
  Dewey Decimal Classification     Central Library, University of Rajshahi Central Library, University of Rajshahi   27/07/1979 Heffer 17.40   519.5 ODS 1975 31/08/2016 C-3 Books Non-fiction
  Dewey Decimal Classification     Central Library, University of Rajshahi Central Library, University of Rajshahi   27/07/1979 Heffer 17.40   519.5 ODS 1975 31/08/2016 C-4 Books Non-fiction
  Dewey Decimal Classification     Central Library, University of Rajshahi Central Library, University of Rajshahi   27/07/1979 Heffer 17.40   519.5 ODS 1975 31/08/2016 C-5 Books Non-fiction